Rozvoj a zmena kultúry školy

Definovanie kultúry vo všeobecnosti. Kultúra školy. Jej charakteristika. Vzťah medzi kultúrou školy a jej prostredím. Subkultúra školy. Evalvácia kultúry školy. Rozvoj a zmena kultúry školy.

Guardado en:
Detalles Bibliográficos
Autor principal: Valent, Marián
Formato: Capítulo de libro
Lenguaje:eslovaco
Materias:
Etiquetas: Agregar Etiqueta
Sin Etiquetas, Sea el primero en etiquetar este registro!

MARC

LEADER 00000naa a2200000 4500
001 0143740
005 20231127102344.6
041 0 |a slo 
044 |a SK 
245 1 0 |a Rozvoj a zmena kultúry školy  |c Marián Valent 
520 |a Definovanie kultúry vo všeobecnosti. Kultúra školy. Jej charakteristika. Vzťah medzi kultúrou školy a jej prostredím. Subkultúra školy. Evalvácia kultúry školy. Rozvoj a zmena kultúry školy. 
610 2 0 |a školy 
610 2 0 |a kultúra 
610 2 0 |a vzdelávanie 
610 2 0 |a zdroje ľudské 
100 1 |a Valent, Marián